Statistics for Bundesliga 2016-2017 Top scorers

Click here to take the quiz!

General Stats

  • This quiz has been taken 8 times
  • The average score is 9 of 14

Answer Stats

GoalsNationalityClubPlayer% Correct
15Croatia1899 HoffenheimAndrej Kramarić
100%
25France1. FC KölnAnthony Modeste
100%
13NetherlandsBayern MunichArjen Robben
100%
31GabonBorussia DortmundPierre-Emerick Aubameyang
100%
30PolandBayern MunichRobert Lewandowski
100%
21GermanyRB LeipzigTimo Werner
100%
11MexicoBayer LeverkusenJavier Hernández
57%
16GermanyVfL WolfsburgMario Gómez
57%
11GermanyBorussia MönchengladbachLars Stindl
43%
15GermanyWerder BremenMax Kruse
43%
12Bosnia and HerzegovinaHertha BSCVedad Ibišević
43%
11Germany1899 HoffenheimSandro Wagner
29%
11GermanyWerder BremenSerge Gnabry
29%
11GermanySC FreiburgFlorian Niederlechner
0%

Score Distribution

Percentile by Number Answered

Percent of People with Each Score

Your Score History

You have not taken this quiz